00882nam a2200205Ia 4500999001500000008005200015020001500067082001500082100001800097245005000115260003600165300001700201440002000218504024300238650001700481650002100498650002000519942000700539952013000546 c2709d2709200103s 1993 ||||xx |||||||||||||| ||und|| a1856090477 a368.2bFOR aFord, Michael 0aMarine insurance fraud in international trade bWitherby & Co Ltdc1993aLondon axxxv, 281 p. aMonument series aContents Identifying fraud The climate for fraud Criminal fraud Civil fraud Brokers Assured-fraudulent claims Scuttling ('wilful casting away') Theft, deviation and barratry Jurisdiction in marine fraud Arbitrating marine fraud disputes  aMaritime law aMarine insurance aInsurance fraud cBK 00102ddc406368_200000000000000_FOR708NFIC93814aMUbMUcGENd2020-01-08o368.2 FORpLBS8922r2025-03-17yBKzColumn - 1